Прошение астраханского купца 1-й гильдии (армянина) Н. И. Агабабова на имя астраханского генерал-губернатора о зачислении Агабаб...

RUSMARC
00006155nac2a22003733x 450
001416a64a0-e6e0-4d6e-8125-518cc7582493
00520240819181226.0
100##$a20240716l1879 k y0rusy50 ca
1010#$arus
102##$aRU
105##$ay j |||||
1220#$ad18790308
2001#$aПрошение астраханского купца 1-й гильдии (армянина) Н. И. Агабабова на имя астраханского генерал-губернатора о зачислении Агабабова в штат астраханской таможни и об определении детей в учебные заведения, с приложением копии сборника постановлений по Министерству народного просвещения о заслугах предков Агабабова
$j08.03.1879
215##$a4 листа
$d40,3 х 25,4
251##$cДело
300##$aРукописный текст
300##$aЗаголовок дела на папке: Прошение астраханского купца 1-й гильдии (армянина) Н. И. Агабабова на имя астраханского генерал-губернатора о зачислении Агабабова к штату астраханской таможни и об определении детей в учебные заведения, с приложением копии сборника постановлений по Министерству народного просвещения о заслугах предков Агабабова
325##$aЗамикрофильмировано
330##$aВходит в раздел описи: Материалы по Астраханскому, Саратовскому и Самарскому генерал-губернаторству Лорис-Меликова М. Т. 02.02.1879 - 02.05.1879
461#0$1001cda3d175-ae4a-411a-8dea-9cc20fb178f6
$12001
$aЛорис-Меликов Михаил Тариелович, граф, министр внутренних дел, главный начальник "верховной распорядительной комиссии по охранению государственного порядка и общественного спокойствия", генерал от кавалерии
$1251
$cФонд
$1852
$j569
462#0$1001163e060a-d7cc-404d-90ee-e28c9801971b
$12001
$aОпись дел фонда М. Т. Лорис-Меликова за 1858-1915 гг.
$vД. 9
$1251
$cОпись
$1852
$j1
5171#$aПрошение астраханского купца 1-й гильдии (армянина) Н. И. Агабабова на имя астраханского генерал-губернатора о зачислении Агабабова к штату астраханской таможни и об определении детей в учебные заведения, с приложением копии сборника постановлений по Министерству народного просвещения о заслугах предков Агабабова
600#1$aАгабабов
$bН. И.
60101$3RU\NLR\AUTH\661454178
$aРоссия
$bМинистерство народного просвещения
60102$aАстраханский генерал-губернатор
605##$3DITM\AF\0000002775
$aВласть
$lколлекция
$2acquisition_prlib
607##$aАстраханская губерния
6101#$aТаможня
$aСборник постановлений
$aЗаслуги предков
686##$a63.3(2)535-332ю1
$cИстория
$2rubbk
686##$a67.400.6ю1
$cПраво
$2rubbk
700#1$aАгабабов
$bН. И.
801#0$aRU
$bGA_RF
801#1$aRU
$bГлавНИВЦ
$c20240716
$2rusmarc
801#2$aRU
$bПБ им. Б.Н. Ельцина
$c20240819
$gRCR
$2rusmarc
852##$aГА РФ
$j9
937##$d193621878
$hГАРФ
035##$aRuPRLIB51076432
856##$uhttp://readingroom.main.prlib.ru/item.aspx?id_node=n193621878&mode=full
Формат отображения